| 000 | 00644nam a2200229Ia 4500 | ||
|---|---|---|---|
| 003 | OSt | ||
| 005 | 20221007075923.0 | ||
| 006 | a|||||r|||| 00| 0 | ||
| 007 | ta | ||
| 008 | 221006b |||||||| |||| 00| 0 eng d | ||
| 024 | _a9,900 | ||
| 037 | _cReference Collections | ||
| 040 |
_aFLL _cFLL _beng |
||
| 041 |
_2eng _aeng |
||
| 082 | _aZ2,9534, N6 | ||
| 100 |
_aRaina S.C. Au. _9694383 |
||
| 245 | 0 | _aProbation philosophy, law and practice | |
| 260 |
_aNew Delhi _bRegency publications India _c1996 |
||
| 300 |
_a187p _ccm. |
||
| 942 |
_hZ2,9534, N6 _cREF _2CC |
||
| 999 |
_c1157824 _d1157824 |
||